Calidoscopio latinoamericano

Sparad:
Bibliografiska uppgifter
Huvudupphovsman: Ansaldi, Waldo (Författare, medförfattare)
Materialtyp: Bok
Språk:spanska
Publicerad: Buenos Aires Ariel 2004
Upplaga:1a. ed
Serie:Historia
Ämnen:
Taggar: Lägg till en tagg
Inga taggar, Lägg till första taggen!

MARC

LEADER 00000nam a2200000 a 4500
001 UCI1470
003 CL-VaPUC
008 070629e20040000AG |||||||||||||||||spa|d
020 |a 950912284X 
082 0 4 |a 301.09  |b ANS  |2 21 
100 |a Ansaldi, Waldo  |e author  |9 522018 
245 1 0 |a Calidoscopio latinoamericano 
250 |a 1a. ed 
300 |a 495 p 
942 |c BK 
945 |d 20070629 00:00:00  |a jtorresc 
260 |a Buenos Aires  |b Ariel  |c 2004 
650 0 |a Sociología histórica  |9 307548 
650 7 |a HISTORIA SOCIAL SIGLO 19  |2 CL-VaPUC  |9 440414 
650 0 |a Ciencias Políticas  |9 255201 
583 |a last modification  |c 20160829 04:33:54  |k Rodrigo Vera 
490 0 |a Historia 
999 |c 326289  |d 326287 
952 |0 0  |1 0  |4 0  |6 301_090000000000000_ANS_2004  |7 0  |8 A  |9 408125  |a BIBHIS  |b BIBHIS  |d 2019-11-22  |i 4354729  |o 301.09 ANS 2004  |p 4354729  |r 2025-01-20  |w 2019-11-22  |y BK  |k HIS